MARC

LEADER 00000nam0a2200000 4500
001 151371
005 20231031150624.0
035 |a (RuTPU)RU\TPU\book\164115 
090 |a 151371 
100 |a 20090122d1984 m y0rusy50 ca 
101 0 |a rus 
102 |a RU 
105 |a a z 000zy 
200 1 |a Капица. Жизнь и открытия  |f Ф. Б. Кедров 
210 |a Москва  |c Московский рабочий  |d 1984 
215 |a 189 с.  |c ил. 
600 1 |a Капица  |g Петр Леонидович  |c российский физик  |f 1894-1984  |b П. Л.  |c нобелевский лауреат  |2 stltpush  |3 (RuTPU)RU\TPU\pers\1097 
610 1 |a физическая наука 
610 1 |a СССР 
610 1 |a жизнь 
610 1 |a открытия 
675 |a 53(092)  |v 3 
700 1 |a Кедров  |b Ф. Б.  |g Федор Борисович 
801 1 |a RU  |b 63413507  |c 20090122  |g PSBO 
801 2 |a RU  |b 63413507  |c 20100122  |g RCR 
942 |c BK